000 00654cam a2200229 4500
008 090401t1990 xxu||||| |||| 00| 0 eng d
020 _a0632022744
035 _a(Sirsi) u46282
041 _aeng
050 _a692.8
100 _aJones, Neil F.
245 2 _aA commentary on the JCT Intermediate Form of Building Contract
250 _a2nd ed.
260 _aOxford
_bBSP Professional Books
_c1990
300 _ax,454p. ; 24cm.
350 _a35
650 _aBUILT ENVIRONMENT-BUILDING CONTRACT FORMS
650 _aJCT INTERMEDIATE FORM OF BUILDING CONTRACT (1984 EDITION)
700 _aBergman, David
942 _n0
948 _c04/03/1997
999 _c91902
_d91902